Estadísticas para Personajes de Mortal Kombat

Haz click aquí para intentar la prueba.

Estadísticas generales

  • Esta prueba ha sido intentada 653 veces
  • La puntuación promedio es 7 de 10

Estadísticas de respuestas

Personaje% Correcto
Sub-Zero
95%
Scorpion
87%
Raiden
76%
Liu Kang
67%
Johnny Cage
66%
Goro
61%
Sonya Blade
61%
Kano
51%
Reptile
49%
Shang Tsung
40%

Distribución de puntuación

Porcentaje por número respondido

Porcentaje de gente con cada puntuación

Historial de tus puntuaciones

No has intentado esta prueba.